Martin Luther on the bondage of the will : (Record no. 40163)
[ view plain ]
| 000 -LEADER | |
|---|---|
| fixed length control field | 00857nam a2200241Ii 4500 |
| 001 - CONTROL NUMBER | |
| control field | 3573553 |
| 003 - CONTROL NUMBER IDENTIFIER | |
| control field | OSt |
| 005 - DATE AND TIME OF LATEST TRANSACTION | |
| control field | 20160914162603.0 |
| 008 - FIXED-LENGTH DATA ELEMENTS--GENERAL INFORMATION | |
| fixed length control field | 780121s1957 enk 001 0 eng d |
| 010 ## - LIBRARY OF CONGRESS CONTROL NUMBER | |
| LC control number | 58003615 |
| 040 ## - CATALOGING SOURCE | |
| Original cataloging agency | MBS |
| Transcribing agency | MBS |
| Modifying agency | m.c. |
| -- | m/c |
| -- | TLT |
| 041 1# - LANGUAGE CODE | |
| Language code of text/sound track or separate title | eng |
| Language code of original and/or intermediate translations of text | lat |
| 100 1# - MAIN ENTRY--PERSONAL NAME | |
| Personal name | Luther, Martin, |
| Dates associated with a name | 1483-1546 |
| 245 00 - TITLE STATEMENT | |
| Title | Martin Luther on the bondage of the will : |
| Remainder of title | a new translation of De servo arbitrio (1525) Martin Luther's reply to Erasmus of Rotterdam / |
| Statement of responsibility, etc | by J. I. Packer and O. R. Johnston |
| 260 ## - PUBLICATION, DISTRIBUTION, ETC. (IMPRINT) | |
| Place of publication, distribution, etc | New Jersey : |
| Name of publisher, distributor, etc | Revell, |
| Date of publication, distribution, etc | 1957. |
| 300 ## - PHYSICAL DESCRIPTION | |
| Extent | 323 p. ; |
| Dimensions | 23 cm |
| 600 10 - SUBJECT ADDED ENTRY--PERSONAL NAME | |
| Personal name | Erasmus, Desiderius, |
| Dates associated with a name | -1536. |
| Title of a work | De libero arbitrio diatribe |
| 650 #0 - SUBJECT ADDED ENTRY--TOPICAL TERM | |
| Topical term or geographic name as entry element | Free will and determinism |
| 700 11 - ADDED ENTRY--PERSONAL NAME | |
| Personal name | Packer, J. I. |
| Fuller form of name | (James Innell) |
| Relator term | tr |
| 700 11 - ADDED ENTRY--PERSONAL NAME | |
| Personal name | Johnston, O. R. |
| Fuller form of name | (Olaf Raymond) |
| Relator term | tr |
| 740 40 - ADDED ENTRY--UNCONTROLLED RELATED/ANALYTICAL TITLE | |
| Uncontrolled related/analytical title | The bondage of the will |
| 942 ## - ADDED ENTRY ELEMENTS (KOHA) | |
| Source of classification or shelving scheme | Library of Congress Classification |
| Item type | Books |
| Withdrawn status | Lost status | Source of classification or shelving scheme | Damaged status | Not for loan | Home library | Current library | Shelving location | Date acquired | Source of acquisition | Inventory number | Total Checkouts | Full call number | Barcode | Date last seen | Price effective from | Koha item type |
|---|---|---|---|---|---|---|---|---|---|---|---|---|---|---|---|---|
| Library of Congress Classification | BSOP Library | BSOP Library | GC | 09/14/2016 | Theological Book Network | 38244 | BX9420.A3 L57 1957 | 00048244 | 09/14/2016 | 09/14/2016 | Books |
